Genetics Education. Current Challenges and Possible Solutions.

Kaydedildi:
Detaylı Bibliyografya
Diğer Yazarlar: Haskel-Ittah, Michal (Editör), Yarden, Anat (Editör)
Materyal Türü: Bilinmiyor
Baskı/Yayın Bilgisi: Cham, Switzerland: Springer; eridob (European Researchers in Didactics of Biology), 2021.
Seri Bilgileri:Contributions from Biology Education Research .
Konular:
Etiketler: Etiketle
Etiket eklenmemiş, İlk siz ekleyin!

MARC

LEADER 00000 a2200000 4500
003 CL-VaPUC
005 20240102122225.0
008 231222t2021 ||||| |||| 00| 0 eng d
999 |c 442564  |d 442562 
020 |a 9783030860509 
040 |c Pontificia Universidad Católica de Valparaíso 
082 7 |a 576.5071 HAS 2021  |2 22 
100 |a Haskel-Ittah, Michal  |9 886121  |e editor 
245 |a Genetics Education.   |b Current Challenges and Possible Solutions. 
260 |a Cham, Switzerland:  |b Springer;  |b eridob (European Researchers in Didactics of Biology),   |c 2021. 
300 |a x, 177 páginas.  
490 |a Contributions from Biology Education Research .  
583 |k GC  |c 20231222 
650 |a Genética   |x Estudio y enseñanza  |9 886830 
650 |a Ciencia   |x Estudio y enseñanza  |9 886831 
650 |a Alfabetización científica   |9 878283 
700 |a Yarden, Anat   |e editor  |9 886832 
942 |2 ddc  |c BK 
952 |0 0  |1 0  |2 ddc  |4 0  |6 576_507100000000000_HAS_2021  |7 0  |8 A  |9 593039  |a BIBCUR  |b BIBCUR  |c GEN  |d 2023-12-22  |e 13  |g 123165.00  |i 5659937  |o 576.5071 HAS 2021  |p 5659937  |r 2025-04-22  |t 3  |v 123165.00  |w 2023-12-22  |y BK  |k BIO 
952 |0 0  |1 0  |2 ddc  |4 0  |6 576_507100000000000_HAS_2021  |7 0  |8 A  |9 593040  |a BIBCUR  |b BIBCUR  |c GEN  |d 2023-12-22  |e 13  |g 123165.00  |i 5659935  |o 576.5071 HAS 2021  |p 5659935  |r 2025-04-22  |t 1  |v 123165.00  |w 2023-12-22  |y BK  |k BIO 
952 |0 0  |1 0  |2 ddc  |4 0  |6 576_507100000000000_HAS_2021  |7 0  |8 A  |9 593041  |a BIBCUR  |b BIBCUR  |c GEN  |d 2023-12-22  |e 13  |g 123165.00  |i 5659938  |o 576.5071 HAS 2021  |p 5659938  |r 2025-04-22  |t 4  |v 123165.00  |w 2023-12-22  |y BK  |k BIO 
952 |0 0  |1 0  |2 ddc  |4 0  |6 576_507100000000000_HAS_2021  |7 0  |8 A  |9 593042  |a BIBCUR  |b BIBCUR  |c GEN  |d 2023-12-22  |e 13  |g 123165.00  |i 5659936  |o 576.5071 HAS 2021  |p 5659936  |r 2025-04-22  |t 2  |v 123165.00  |w 2023-12-22  |y BK  |k BIO 
952 |0 0  |1 0  |2 ddc  |4 0  |6 576_507100000000000_HAS_2021  |7 0  |8 A  |9 601954  |a BIBCUR  |b BIBCUR  |d 2025-03-27  |e 59  |g 124447.44  |i 5666831  |o 576.5071 HAS 2021  |p 5666831  |r 2025-03-27  |t 6  |v 124447.44  |w 2025-03-27  |y BK  |k BIO 
952 |0 0  |1 0  |2 ddc  |4 0  |6 576_507100000000000_HAS_2021  |7 0  |8 A  |9 601955  |a BIBCUR  |b BIBCUR  |d 2025-03-27  |e 59  |g 124447.44  |i 5666830  |o 576.5071 HAS 2021  |p 5666830  |r 2025-03-27  |t 5  |v 124447.44  |w 2025-03-27  |y BK  |k BIO 
952 |0 0  |1 0  |2 ddc  |4 0  |6 576_507100000000000_HAS_2021  |7 0  |8 A  |9 601956  |a BIBCUR  |b BIBCUR  |d 2025-03-27  |e 59  |g 124447.44  |i 5666832  |o 576.5071 HAS 2021  |p 5666832  |r 2025-03-27  |t 7  |v 124447.44  |w 2025-03-27  |y BK  |k BIO 
952 |0 0  |1 0  |2 ddc  |4 0  |6 576_507100000000000_HAS_2021  |7 0  |8 A  |9 601957  |a BIBCUR  |b BIBCUR  |d 2025-03-27  |e 59  |g 124447.44  |i 5666833  |o 576.5071 HAS 2021  |p 5666833  |r 2025-03-27  |t 8  |v 124447.44  |w 2025-03-27  |y BK  |k BIO